00402nam a22001457a 450000500170000000800410001704100120005808200130007010000130008324500320009625000200012826000570014830000250020565000260023020240627132841.0240627b |||||||| |||| 00| 0 eng d aEnglish a349 HAL  lEnglish  aHalsbury's Laws of England  aFourth Edition  aLondon: bButterworth and Co. Publishers Ltd, c1984 b575 pages; c26 cm.  aLegal practice bLaw